Epicentre of violence: (Record no. 61119)
[ view plain ]
| 000 -LEADER | |
|---|---|
| fixed length control field | 01642nam a22002417a 4500 |
| 005 - DATE AND TIME OF LATEST TRANSACTION | |
| control field | 20120118160540.0 |
| 010 ## - LCCN (DPL NO) | |
| LC control number | B-445537-541 |
| 020 ## - INTERNATIONAL STANDARD BOOK NUMBER | |
| International Standard Book Number | 9788178241319 |
| Terms of availability | 595.00 |
| 035 ## - SYSTEM CONTROL NUMBER | |
| System control number | B-445537-541 |
| 037 ## - SOURCE OF ACQUISITION | |
| Stock number | dpl |
| Source of stock number/acquisition | Allied Pub/Ven |
| 082 ## - DEWEY DECIMAL CLASSIFICATION NUMBER | |
| Classification number | 954.0842 |
| 245 ## - TITLE STATEMENT | |
| Title | Epicentre of violence: |
| Remainder of title | partition voices and memories from Amritsar / |
| Statement of responsibility, etc | edited by Ian Talbot ;with Darshan Singh Tatla |
| 260 ## - PUBLICATION, DISTRIBUTION, ETC. (IMPRINT) | |
| Place of publication, distribution, etc | Delhi |
| Name of publisher, distributor, etc | Permanent black |
| Date of publication, distribution, etc | 2006 |
| 270 ## - ADDRESS | |
| Address | D-28 Oxford Apartments, 11, I.P.Extension |
| City | Delhi |
| Postal code | 110092 |
| 300 ## - PHYSICAL DESCRIPTION | |
| Extent | 234p. |
| Other physical details | ill. |
| Dimensions | 22cm(Hb) |
| 942 ## - ADDED ENTRY ELEMENTS (KOHA) | |
| Source of classification or shelving scheme | Dewey Decimal Classification |
| Item type | English Books |
| Call number suffix | EPI |
| Classification part | 954.0842 |
| Withdrawn status | Lost status | Not for loan | Collection code | Home library | Current library | Date acquired | Source of acquisition | Cost, normal purchase price | Full call number | Barcode | Copy number | Cost, replacement price | Koha item type |
|---|---|---|---|---|---|---|---|---|---|---|---|---|---|
| Non-fiction | Central Library | Central Library | 02/02/2012 | Allied Pub/1143/26.09.2011/04/15.09.2011/09.11.2011 | 595.00 | 954.0842 EPI | B-445537 | 1 | 595.00 | English Books | |||
| Non-fiction | Karol Bagh | Karol Bagh | 02/02/2012 | Allied Pub/1143/26.09.2011/04/15.09.2011/09.11.2011 | 595.00 | 954.0842 EPI | B-445540 | 1 | 595.00 | English Books | |||
| Non-fiction | Patel Nagar | Patel Nagar | 02/02/2012 | Allied Pub/1143/26.09.2011/04/15.09.2011/09.11.2011 | 595.00 | 954.0842 EPI | B-445538 | 1 | 595.00 | English Books | |||
| Non-fiction | Sarojini Nagar | Sarojini Nagar | 02/02/2012 | Allied Pub/1143/26.09.2011/04/15.09.2011/09.11.2011 | 595.00 | 954.0842 EPI | B-445539 | 1 | 595.00 | English Books | |||
| Non-fiction | Shahdara Branch | Shahdara Branch | 02/02/2012 | Allied Pub/1143/26.09.2011/04/15.09.2011/09.11.2011 | 595.00 | 954.0842 EPI | B-445541 | 1 | 595.00 | English Books |
